<?xml version="1.0" encoding="UTF-8"?>
<record
    xmlns:xsi="http://www.w3.org/2001/XMLSchema-instance"
    xsi:schemaLocation="http://www.loc.gov/MARC21/slim http://www.loc.gov/standards/marcxml/schema/MARC21slim.xsd"
    xmlns="http://www.loc.gov/MARC21/slim">

  <leader>00474nam a22001337a 4500</leader>
  <controlfield tag="008">230221b        |||||||| |||| 00| 0 eng d</controlfield>
  <datafield tag="040" ind1=" " ind2=" ">
    <subfield code="a">National Science Library</subfield>
    <subfield code="c">National Science Library</subfield>
  </datafield>
  <datafield tag="080" ind1=" " ind2=" ">
    <subfield code="a">624(082.2)</subfield>
    <subfield code="b">P4</subfield>
  </datafield>
  <datafield tag="245" ind1=" " ind2=" ">
    <subfield code="a">National conference on applications of GIS and GPS in civil engineering 03 July 2004</subfield>
    <subfield code="c">/ Jaya Engineering College</subfield>
  </datafield>
  <datafield tag="260" ind1=" " ind2=" ">
    <subfield code="a">Thirunnravur: </subfield>
    <subfield code="b">Jaya Engineering College,     </subfield>
    <subfield code="c">2004</subfield>
  </datafield>
  <datafield tag="300" ind1=" " ind2=" ">
    <subfield code="a">175p.</subfield>
  </datafield>
  <datafield tag="650" ind1=" " ind2=" ">
    <subfield code="a">Science</subfield>
  </datafield>
  <datafield tag="942" ind1=" " ind2=" ">
    <subfield code="2">udc</subfield>
    <subfield code="c">PR</subfield>
  </datafield>
  <datafield tag="999" ind1=" " ind2=" ">
    <subfield code="c">46984</subfield>
    <subfield code="d">46984</subfield>
  </datafield>
  <datafield tag="952" ind1=" " ind2=" ">
    <subfield code="0">0</subfield>
    <subfield code="1">0</subfield>
    <subfield code="2">udc</subfield>
    <subfield code="4">0</subfield>
    <subfield code="6">6240822_P4</subfield>
    <subfield code="7">0</subfield>
    <subfield code="9">71412</subfield>
    <subfield code="a">NSL</subfield>
    <subfield code="b">NSL</subfield>
    <subfield code="c">GF/Rk-13/C-11/R-4</subfield>
    <subfield code="d">2005-05-17</subfield>
    <subfield code="l">0</subfield>
    <subfield code="o">624(082.2) P4</subfield>
    <subfield code="p">226050</subfield>
    <subfield code="r">2023-06-23 00:00:00</subfield>
    <subfield code="w">2023-06-23</subfield>
    <subfield code="y">PR</subfield>
  </datafield>
</record>
